书目信息 |
| 题名: |
符号简史
|
|
| 作者: | 皮尔西 , 陈磊 著 | |
| 分册: | ||
| 出版信息: | 北京 北京联合出版公司 2019 |
|
| 页数: | 169页 | |
| 开本: | 19cm | |
| 丛书名: | ||
| 单 册: | ||
| 中图分类: | H0-09 | |
| 科图分类: | ||
| 主题词: | 符号学--fu hao xue--历史 | |
| 电子资源: | ||
| ISBN: | 978-7-5596-2858-9 | |
| 000 | 01059nam0 2200265 450 | |
| 001 | 012001008739 | |
| 005 | 20140102104526.0 | |
| 010 | @a978-7-5596-2858-9@b精装@dCNY45.00 | |
| 099 | @aCAL 012019075477 | |
| 100 | @a20190612d2019 em y0chiy50 ea | |
| 101 | 1 | @achi@ceng |
| 102 | @aCN@b110000 | |
| 105 | @aa z 000yy | |
| 106 | @ar | |
| 200 | 1 | @a符号简史@Afu hao jian shi@d= Symbois a universal language@f(英)约瑟夫·皮尔西著@g陈磊译@zeng |
| 210 | @a北京@c北京联合出版公司@d2019 | |
| 215 | @a169页@c图@d19cm | |
| 330 | @a本书讲述了如和平标志、笑脸等世界上著名符号背后的故事。它涵盖了几个世纪以来来自不同宗教、政治和文化的40种最显著的符号。你知道“笑脸”起源于20世纪60年代的美国马萨诸塞州吗?这本令人着迷的书,着重讲述了符号在整个历史中的作用,以及它们在我们对世界的理解方面所起到的影响。 | |
| 510 | 1 | @aSymbois a universal language@zeng |
| 606 | 0 | @a符号学@Afu hao xue@x历史 |
| 690 | @aH0-09@v5 | |
| 701 | 1 | @a皮尔西@APierxi@b约瑟夫@4著 |
| 701 | 0 | @a陈磊@AChen Lei@4译 |
| 801 | 0 | @aCN@b上海新华@c20191020 |
| 905 | @b1185644-7@dH0-09@e286@f4 | |
| 符号简史= Symbois a universal language/(英)约瑟夫·皮尔西著/陈磊译.-北京:北京联合出版公司,2019 |
| 169页:图;19cm |
| ISBN 978-7-5596-2858-9(精装):CNY45.00 |
| 本书讲述了如和平标志、笑脸等世界上著名符号背后的故事。它涵盖了几个世纪以来来自不同宗教、政治和文化的40种最显著的符号。你知道“笑脸”起源于20世纪60年代的美国马萨诸塞州吗?这本令人着迷的书,着重讲述了符号在整个历史中的作用,以及它们在我们对世界的理解方面所起到的影响。 |
| ● |
| 相关链接 |
|
|
|
|
正题名:符号简史
索取号:H0-09/286
 
预约/预借
| 序号 | 登录号 | 条形码 | 馆藏地/架位号 | 状态 | 备注 |
| 1 | 1185644 | 211856446 | 第二样本阅览室/ [索取号:H0-09/286] | 在馆 | |
| 2 | 1185645 | 211856455 | 第四借阅区/ [索取号:H0-09/286] | 在馆 | |
| 3 | 1185646 | 211856464 | 第四借阅区/ [索取号:H0-09/286] | 在馆 | |
| 4 | 1185647 | 211856473 | 第四借阅区/ [索取号:H0-09/286] | 在馆 |